|
|
|
|
| LEADER |
00000cam a2200000 7i4500 |
| 001 |
0000066125 |
| 005 |
20160919.0 |
| 008 |
160919 |
| 020 |
|
|
|a 9789838477048
|
| 020 |
|
|
|a 9838477044
|
| 090 |
0 |
0 |
|a MOR
|b MAL
|
| 100 |
1 |
|
|a Mas Johan
|
| 245 |
0 |
0 |
|a Hidup bermuafakat
|c Mas Johan
|
| 260 |
|
|
|a Kuala Lumpur :
|b Buku Must Sdn. Bhd. ,
|c 2008
|
| 999 |
|
|
|a 0001063596
|b Book
|c Children Collection
|e Cawangan Taman Sri Lambak
|
| 999 |
|
|
|a 0001063597
|b Book
|c Children Collection
|e Cawangan Taman Sri Lambak
|
| 999 |
|
|
|a 0001063598
|b Book
|c Children Collection
|e Cawangan Taman Sri Lambak
|
| 999 |
|
|
|a 0001072089
|b Book
|c Children Collection
|e Cawangan Taman Universiti
|
| 999 |
|
|
|a 0001072107
|b Book
|c Children Collection
|e Cawangan Bukit Gambir
|
| 999 |
|
|
|a 0001072165
|b Book
|c Children Collection
|e Cawangan Segamat
|